| 000 | 01619cam a2200457 a 4500 | ||
|---|---|---|---|
| 001 | 21991 | ||
| 003 | VRT | ||
| 005 | 20260317102836.0 | ||
| 008 | 240226s2003 xo gr 000 f slo | ||
| 015 | _aSNBA2004/02-00890 | ||
| 020 | _a8055106339 | ||
| 035 | _aSNK000420805 | ||
| 035 | _aurn:nbn:sk:snk-am3j1v3 | ||
| 035 | _aB3BC880F-0527-4821-8623-6F892D3B802E | ||
| 035 | _aurn:nbn:sk:snk-am00gkii | ||
| 039 | 9 |
_a202402262155 _bVLOAD _c202205091521 _dVLOAD _c202204221224 _dVLOAD _c202106141457 _dAUTHORITY |
|
| 040 |
_aSNK _bslo _cSNK _eAACR2 |
||
| 041 | 1 |
_aslo _heng |
|
| 044 |
_axo _cSK |
||
| 072 | 7 |
_a821.111(73)-3 _xAmerická próza _2konspekt |
|
| 080 |
_a821.111(73)-31 _22011 |
||
| 080 |
_a(0:82-311.3) _22011 |
||
| 080 |
_a(0:82-312.5) _22011 |
||
| 100 | 1 |
_aDrake, Shannon, _d1953- _4aut |
|
| 240 | 1 | 0 |
_aConquer the night _lSlovensky |
| 245 | 1 | 0 |
_aZažeň tiene noci _cShannon Drakeová ; z anglického originálu preložila Judita Schromová |
| 250 | _a1. vydanie | ||
| 260 |
_aBratislava _bIkar _c2003 |
||
| 300 |
_a318 strán _c21 cm |
||
| 655 | 7 |
_aamerické romány _2SNKPH |
|
| 655 | 7 |
_aľúbostné romány _2SNKPH |
|
| 655 | 7 |
_adobrodružné romány _2SNKPH |
|
| 700 | 1 |
_aSchromová, Judita _4trl |
|
| 910 | _asnk | ||
| 942 |
_2ddc _cKLDO _n0 |
||
| 949 |
_617A0405511 _9P60, <03>, [BOOK], {603} _asnkSC 113115 _bsnkKSP 15993/2003 _s6100:20210507 |
||
| 949 |
_617A0408364 _9P60, <05>, [BOOK], {605} _asnkSC 113115 D1 _bsnkKSP 117/2004 |
||
| 949 |
_62889120056 _asavukPV 6522 |
||
| 949 |
_6270001000237902 _asvkbbA 109246 _bsvkbbm 654594 _p654.594 |
||
| 949 |
_6273K0096056 _asvkpoA 188564 _bsvkpo471641 |
||
| 999 |
_c21991 _d21991 |
||